000 01147nam a2200313 i 4500
001 bg
100 1 _aParafiniuk, Jan
_d(1954- ).
245 1 0 _aMinerały :
_bsystematyczny katalog 2004 /
_cJan Parafiniuk.
260 _aWarszawa :
_bTowarzystwo Geologiczne "Spirifer",
_c2005.
300 _aSkoroszyt [357] s. pag. varia ;
_c23 cm +
_edysk optyczny (CD-ROM).
500 _aDok. towarzyszący: "Album minerałów". Tyt. z etykiety na dysku. Dysk zawiera: opis 150 minerałów, 300 fotografii.
504 _aIndeks.
521 _aDla mineralogów, geologów i innych przedstawicieli nauk przyrodniczych oraz dla studentów tych kierunków studiów.
546 _aIndeks minerałów w jęz. pol. i ang.
586 _a553
586 _a549
650 4 _aMinerały
650 4 _aMineralogia
650 4 _aPodręczniki
020 _a8392301307
040 _cBPK
041 0 _apol
_aeng
044 _aPOL
080 _a(07)
920 _a83-923013-0-7
942 _cKA
008 111103s2005 pl a |000 0 pol
999 _c49208
_d49208
856 _uhttp://koha.tu.koszalin.pl/cgi-bin/koha/opac-detail.pl?biblionumber=49208
_yKatalog online BPK